Estatísticas para Drogba

Clique aqui para jogar o quiz

Estatísticas Gerais

  • Esse quiz foi jogado 24 vezes
  • A pontuação média é 4 de 10

Estatísticas das Respostas

AnosClubes% Correto
2014-2015Chelsea
100%
2004-2012Chelsea
100%
(Seleção)2002-2014Costa do Marfim
95%
2013-2014Galatasaray
50%
2003-2004Olympique de Marselha
27%
2017-2018Phoenix Rising
18%
2002-2003Guingamp
14%
1998-2002Le Mans
14%
2015-2016Montreal Impact
14%
2012-2013Shangai Shenhua
0%

Distribuição das Pontuações

Percentil de Números Respondidos

Porcentagem de Pessoas com Cada Pontuação

Sua Pontuação Histórica

Você não jogou esse quiz